000
00222 a2200109 4500
020
_a
078073003990
041
_a
spa
100
_a
Teddy Margulies
245
_a
Clifford el dia de las sorpresas
942
_c
BK
952
_7
4
999
_c
19959
_d
19959